000 00938nam a22002177a 4500
003 OSt
005 20140310182121.0
008 130827t xxu||||| |||| 00| 0 eng d
050 _aQA 273
_b.M426Sl 2005
082 _aIB 371.2
_bT22 2006
110 _aInternational Baccalaureate Organization
_9203
245 _aMathematics Studies SL :
_b Teacher support materials /
_cInternational Baccalaureate Organization.
260 _aCardiff, Wales, UK :
_bInternational Baccalaureate Organization,
_c2005.
300 _a69 p. :
_bill. ;
_c30 cm.
440 _aFirst examinations 2006.
_914042
500 _aLanguage A1 & A2 English & Spanish.
520 _aTeacher support materials for the ff: #1 Espanol B #2 English B #3 Lengua A1, Espanol A1 #4 Mathematical Studies SL(gdc) #5 Mathematics HL/SL (gdc) #6 Espanol ab initio #7 Lengua A2, Espanol A2 #8 Language A1, English A1
942 _2lcc
_cBK
999 _c9541
_d9541